Senses / (Record no. 47754)
| 000 -LEADER | |
|---|---|
| fixed length control field | 00349nam a2200133 4500 |
| 020 ## - INTERNATIONAL STANDARD BOOK NUMBER | |
| International Standard Book Number | 9781445166759 |
| 100 ## - MAIN ENTRY--PERSONAL NAME | |
| Personal name | Royston, Angela |
| 9 (RLIN) | 58810 |
| 245 ## - TITLE STATEMENT | |
| Title | Senses / |
| Statement of responsibility, etc | Angela Royston |
| 260 ## - PUBLICATION, DISTRIBUTION, ETC. (IMPRINT) | |
| Place of publication, distribution, etc | London |
| Name of publisher, distributor, etc | Franklin Watts |
| Date of publication, distribution, etc | 2007 |
| 300 ## - PHYSICAL DESCRIPTION | |
| Extent | 32 p. |
| Other physical details | col. ill. |
| Dimensions | 27 cm. |
| 490 ## - SERIES STATEMENT | |
| Series statement | Your body inside and out! |
| 650 ## - SUBJECT ADDED ENTRY--TOPICAL TERM | |
| Topical term or geographic name as entry element | Senses |
| 9 (RLIN) | 85057 |
| 942 ## - ADDED ENTRY ELEMENTS (KOHA) | |
| Source of classification or shelving scheme | |
| Koha item type | Book |
| Withdrawn status | Lost status | Source of classification or shelving scheme | Damaged status | Not for loan | Collection code | Home library | Current library | Shelving location | Date acquired | Total Checkouts | Full call number | Barcode | Date last seen | Date checked out | Price effective from | Koha item type |
|---|---|---|---|---|---|---|---|---|---|---|---|---|---|---|---|---|
| TEACHERS' RESOURCES | Asian Hope Primary Library | Asian Hope Primary Library | Non Fiction | 11/04/2024 | 2 | 612.87 ROY | 204780 | 10/03/2025 | 09/03/2025 | 11/04/2024 | Book |